Vehicular Cyber Physical Systems Adaptive Connectivity and Security /

This book provides probabilistic, deterministic and geolocation-aware approaches for adaptive connectivity, robust security and privacy-aware communications for vehicular cyber physical systems (CPS). It presents mathematical models and numerical results obtained from experiments and simulations, an...

Full description

Bibliographic Details
Main Authors: Rawat, Danda B. (Author), Bajracharya, Chandra (Author)
Corporate Author: SpringerLink (Online service)
Format: Electronic eBook
Language:English
Published: Cham : Springer International Publishing : Imprint: Springer, 2017.
Subjects:
Online Access:Full Text via HEAL-Link
LEADER 03106nam a22004695i 4500
001 978-3-319-44494-9
003 DE-He213
005 20160903054437.0
007 cr nn 008mamaa
008 160903s2017 gw | s |||| 0|eng d
020 |a 9783319444949  |9 978-3-319-44494-9 
024 7 |a 10.1007/978-3-319-44494-9  |2 doi 
040 |d GrThAP 
050 4 |a TK1-9971 
072 7 |a TJK  |2 bicssc 
072 7 |a TEC041000  |2 bisacsh 
082 0 4 |a 621.382  |2 23 
100 1 |a Rawat, Danda B.  |e author. 
245 1 0 |a Vehicular Cyber Physical Systems  |h [electronic resource] :  |b Adaptive Connectivity and Security /  |c by Danda B. Rawat, Chandra Bajracharya. 
264 1 |a Cham :  |b Springer International Publishing :  |b Imprint: Springer,  |c 2017. 
300 |a XIX, 75 p. 34 illus.  |b online resource. 
336 |a text  |b txt  |2 rdacontent 
337 |a computer  |b c  |2 rdamedia 
338 |a online resource  |b cr  |2 rdacarrier 
347 |a text file  |b PDF  |2 rda 
505 0 |a An Overview of Vehicular Networking and Cyber Physical Systems -- Adaptive Connectivity for Vehicular Cyber Physical Systems -- Adaptive Connectivity for Spectrum-agile VANETs in Fading Channels -- Securing VANETs for Vehicular CPS -- Computing, Communications and Other Open Issues in Vehicular CPS. 
520 |a This book provides probabilistic, deterministic and geolocation-aware approaches for adaptive connectivity, robust security and privacy-aware communications for vehicular cyber physical systems (CPS). It presents mathematical models and numerical results obtained from experiments and simulations, and a trade-off between connectivity, security and privacy for vehicular communications. Connectivity between vehicles is crucial for vehicular CPS. Intelligent vehicular CPS provides not only road safety and traffic efficiency by exchanging information among vehicles, but also offers infotainment services to passengers using a variety of wireless technologies to forward the traffic/trajectory information with Vehicle-to-Vehicle (V2V), vehicular ad hoc network (VANET), and Vehicle-to-Roadside-to-Vehicle (V2R2V) communications. The book covers how to ensure that the message received from other vehicles is secure and trustworthy, rather than malicious. Further, it reveals how to make sure that the privacy of participants is not revealed while validating the received message. Researchers and professionals working with vehicular networks, smart systems, cyber physical systems, and mobile privacy will find this book valuable. 
650 0 |a Engineering. 
650 0 |a Transportation. 
650 0 |a Computer security. 
650 0 |a Electrical engineering. 
650 1 4 |a Engineering. 
650 2 4 |a Communications Engineering, Networks. 
650 2 4 |a Systems and Data Security. 
650 2 4 |a Transportation. 
700 1 |a Bajracharya, Chandra.  |e author. 
710 2 |a SpringerLink (Online service) 
773 0 |t Springer eBooks 
776 0 8 |i Printed edition:  |z 9783319444932 
856 4 0 |u http://dx.doi.org/10.1007/978-3-319-44494-9  |z Full Text via HEAL-Link 
912 |a ZDB-2-ENG 
950 |a Engineering (Springer-11647)